Vista normal
Vista MARC
Entrada Materia (personas)
Número de registros utilizados en: 1
001 - CONTROL NUMBER
- control field: 170127
003 - CONTROL NUMBER IDENTIFIER
- control field: Co-BoUCM
005 - DATE AND TIME OF LATEST TRANSACTION
- control field: 20211112080710.0
008 - FIXED-LENGTH DATA ELEMENTS
- fixed length control field: 211112|| aca||aabn | a|a d
040 ## - CATALOGING SOURCE
- Original cataloging agency: Co-BoUCM
- Transcribing agency: Co-BoUCM
100 ## - HEADING--PERSONAL NAME
- Personal name: Guanche, Julio César
670 ## - SOURCE DATA FOUND
- Source citation: Work cat.: (Co-BoUCM)78793: Reunión "Dialogues on Citizen Initiatives for Democratic Strengthening" (2009 Cartagena de Indias) 170125, Ciudadanía activa iniciativas para fortalecer la democracia, 2010